Pelo de Páramo (Registro nro. 15423)

000 -CABECERA
campo de control de longitud fija 01294nam a22002657a 4500
003 - IDENTIFICADOR DEL NÚMERO DE CONTROL
campo de control OSt
005 - FECHA Y HORA DE LA ÚLTIMA TRANSACCIÓN
campo de control 20240419180018.0
008 - DATOS DE LONGITUD FIJA--INFORMACIÓN GENERAL
campo de control de longitud fija 240419b ||||| |||| 00| 0 spa d
020 ## - NÚMERO INTERNACIONAL ESTÁNDAR DEL LIBRO
Número Internacional Estándar del Libro 9789585309456
040 ## - FUENTE DE LA CATALOGACIÓN
Centro/agencia transcriptor CO-Mq BPB
082 ## - NÚMERO DE LA CLASIFICACIÓN DECIMAL DEWEY
Número de clasificación N
Número de documento/Ítem ORT15
100 ## - ENTRADA PRINCIPAL--NOMBRE DE PERSONA
Nombre de persona Ortiz Franco, Leonardo
Término indicativo de función/relación Autor
245 ## - MENCIÓN DE TÍTULO
Título Pelo de Páramo
250 ## - MENCIÓN DE EDICIÓN
Mención de edición Edición especial
264 ## - PRODUCCIÓN, PUBLICACIÓN, DISTRIBUCIÓN, FABRICACIÓN Y COPYRIGHT
Producción, publicación, distribución, fabricación y copyright Bogotá
Nombre del de productor, editor, distribuidor, fabricante Palabra Libre
Fecha de producción, publicación, distribución, fabricación o copyright 2023
300 ## - DESCRIPCIÓN FÍSICA
Extensión 164 páginas:
Otras características físicas ilustraciones a color, tapa rustica
Dimensiones 19 cm
490 ## - MENCIÓN DE SERIE
Mención de serie Plan Nacional de Lectura y Escritura Leer es mi Cuento / Ministerio de Cultura
521 ## - NOTA DE PÚBLICO DESTINATARIO
Nota de público destinatario Abril, una niña que nace de un frailejón y tiene poderes especiales, conoce a Ángel, un niño citadino de padres separados que sufre de miedo y soledad. Se hacen amigos y viven una aventura llena de enigmas, viajes y ocurrencias. Pelo de Páramo es una historia fantástica que resalta la importancia de la naturaleza y la amistad como ejes formadores de una infancia sana, con innumerables artistas que surgen gracias al amor y la vida en familia.
521 ## - NOTA DE PÚBLICO DESTINATARIO
Nota de público destinatario Recomendado para público infantil
650 ## - PUNTO DE ACCESO ADICIONAL DE MATERIA--TÉRMINO DE MATERIA
Término de materia o nombre geográfico como elemento de entrada Novela infantil colombiana
Subdivisión cronológica Siglo XXI
650 ## - PUNTO DE ACCESO ADICIONAL DE MATERIA--TÉRMINO DE MATERIA
Término de materia o nombre geográfico como elemento de entrada Historias de aventuras
650 ## - PUNTO DE ACCESO ADICIONAL DE MATERIA--TÉRMINO DE MATERIA
Término de materia o nombre geográfico como elemento de entrada Amistad en la literatura
700 ## - PUNTO DE ACCESO ADICIONAL--NOMBRE DE PERSONA
Nombre de persona Londoño, Laura Nataly
Término indicativo de función/relación ilustradora
942 ## - ELEMENTOS DE PUNTO DE ACCESO ADICIONAL (KOHA)
Fuente del sistema de clasificación o colocación
Tipo de ítem Koha Libro Literatura
Existencias
Estado de retiro Estado de pérdida Fuente del sistema de clasificación o colocación Estado dañado No para préstamo Código de colección Localización permanente Ubicación/localización actual Ubicación en estantería Fecha de adquisición Fuente de adquisición Número de inventario Total de préstamos Signatura topográfica completa Código de barras Fecha visto por última vez Número de copia Precio válido a partir de Tipo de ítem Koha Nota pública
          Literatura Infantil Biblioteca Pública San Juan Bosco Biblioteca Pública San Juan Bosco Literatura 07/05/2024 Dotación PNL 2023 NT   N ORT15 MOS503683 07/05/2024 Ej.1 07/05/2024 Libro Literatura Quince dias
          Literatura Infantil Sede: La Armonía de Usca Sede: La Armonía de Usca Literatura 19/04/2024 Dotación PNL 2023 NT   N ORT15 MUS000434 19/04/2024 Ej.1 19/04/2024 Libro Literatura Quince dias

© Todos los derechos reservados para la Biblioteca Pública Municipal San Juan Bosco, 2020
Secretaria de Cultura de Mosquera
Carrera 3 N° 10 Esquina Centro Cultural Barrio El Carmén Teléfono: 8270830 Ext: 34
Funcionando con KOHA
Contacto: Biblioteca Pública Municipal San Juan Bosco/ bibliotecasanjuanbosco@mosquera-cundinamarca.gov.co
Mosquera, Cundinamarca